=LDR 00000nam 2200000 4500 =001 INLIS000000000019959 =005 20230202012630 =035 ##$$a 0010-061300000019959 =008 230202###########################0#ind## =041 ##$$a ind =082 ##$$a 155.45 =090 ##$$a 155.45, Mun p =100 ##$$a Munandar, Utami =245 1#$$a Pengembangan kreativitas anak berbakat /$c Utami Munandar =260 ##$$a Jakarta :$b Rineka Cipta,$c 2004 =650 #4$$a Anak Berbakat =850 ##$$a NBPNMAT =020 ##$$a 979-518-831-3 =084 ##$$a 155.45 MUN p =250 ##$$a Cet. 2 =300 ##$$a vii, 286 hlm. ; $c 23,5 x 16 cm =990 ##$$a 152.798/Pro.2000 =990 ##$$a 20613519 =990 ##$$a 0001/BPAP-NTB/2015